000 00574nam a2200181Ia 4500
003 IN-BaIIA
008 211028s9999 xx 000 0 eng d
020 _a978-981-270-920-2
040 _cIIA Library
080 _a530.1:930
_bCAP
100 _aCapri, Anton Z
_927010
245 0 _aQuips, quotes and quanta
_ban anecdotal history of physics
_cAnton Z Capri
260 _aNew Jersey
_bWorld Scientific
_c2007
300 _aix, 198p.
650 _aPhysics - anecdotes
_932343
650 _aPhysics - history
_92469
942 _cBK
999 _c17162
_d17162